Лакокрасочные композиции на основе нефтеполимерных смол; Функциональные материалы: разработка, исследование, применение

Bibliografiske detaljer
Parent link:Функциональные материалы: разработка, исследование, применение.— 2014.— [С. 86]
Hovedforfatter: Власова Н. В.
Institution som forfatter: Национальный исследовательский Томский политехнический университет (ТПУ) Институт природных ресурсов (ИПР) Кафедра технологии органических веществ и полимерных материалов (ТОВПМ)
Andre forfattere: Бестужева Д. В. (научный руководитель), Мананкова А. А. Анна Анатольевна
Summary:Заглавие с титульного экрана
Sprog:russisk
Udgivet: 2014
Serier:Материалы для повышения качества жизни
Fag:
Online adgang:http://earchive.tpu.ru/handle/11683/70081
http://www.lib.tpu.ru/fulltext/c/2014/C96/084.pdf
Format: MixedMaterials Electronisk Book Chapter
KOHA link:https://koha.lib.tpu.ru/cgi-bin/koha/opac-detail.pl?biblionumber=611616

MARC

LEADER 00000naa2a2200000 4500
001 611616
005 20231101132651.0
035 |a (RuTPU)RU\TPU\conf\9426 
035 |a RU\TPU\conf\9424 
090 |a 611616 
100 |a 20150406d2014 k y0rusy50 ca 
101 0 |a rus 
102 |a RU 
105 |a y z 101zy 
135 |a drcn ---uucaa 
181 0 |a i  
182 0 |a b 
200 1 |a Лакокрасочные композиции на основе нефтеполимерных смол  |f Н. В. Власова, Д. В. Бестужева  |g науч. рук. А. А. Мананкова 
203 |a Текст  |c электронный 
225 1 |a Материалы для повышения качества жизни 
230 |a 1 компьютерный файл (pdf; 173 Кb) 
300 |a Заглавие с титульного экрана 
337 |a Adobe Reader 
463 0 |0 (RuTPU)RU\TPU\conf\9214  |t Функциональные материалы: разработка, исследование, применение  |o сборник тезисов докладов II Всероссийского конкурса научных докладов студентов, г.Томск, г.Тамбов, 22-23 мая 2014 г.  |f Национальный исследовательский Томский политехнический университет (ТПУ) ; Национальный исследовательский Томский государственный университет (ТГУ) ; Тамбовский государственный университет имени Г. Р. Державина ; ред. кол. А. Ю. Годымчук ; И. А. Курзина ; А. А. Гусев  |v [С. 86]  |d 2014 
610 1 |a труды учёных ТПУ 
610 1 |a электронный ресурс 
610 1 |a лакокрасочные материалы 
610 1 |a композиции 
610 1 |a нефтеполимерные смолы 
610 1 |a пигменты 
610 1 |a композиционные материалы 
610 1 |a покрытия 
610 1 |a пиролиз 
700 1 |a Власова  |b Н. В. 
701 1 |a Бестужева  |b Д. В. 
702 1 |a Мананкова  |b А. А.  |c химик-органик  |c старший преподаватель Томского политехнического университета, кандидат химических наук  |f 1980-  |g Анна Анатольевна  |2 stltpush  |4 727 
712 0 2 |a Национальный исследовательский Томский политехнический университет (ТПУ)  |b Институт природных ресурсов (ИПР)  |b Кафедра технологии органических веществ и полимерных материалов (ТОВПМ)  |h 6832  |2 stltpush  |3 (RuTPU)RU\TPU\col\18659 
801 2 |a RU  |b 63413507  |c 20220315  |g RCR 
856 4 |u http://earchive.tpu.ru/handle/11683/70081 
856 4 |u http://www.lib.tpu.ru/fulltext/c/2014/C96/084.pdf 
942 |c BK